2023-24 NFL Playoff Teams - Statistics

General Stats
  • This quiz has been taken 576 times
  • The average score is 13 of 14
Answer Stats
Conf. Seed Team % Correct
AFC 3 Kansas City Chiefs Super Bowl Champions
98%
AFC 1 Baltimore Ravens AFC Championship
97%
AFC 2 Buffalo Bills Divisional
96%
NFC 1 San Francisco 49ers Super Bowl
96%
NFC 5 Philadelphia Eagles Wild Card
93%
NFC 3 Detroit Lions NFC Championship
92%
NFC 7 Green Bay Packers Divisional
92%
NFC 2 Dallas Cowboys Wild Card
91%
AFC 4 Houston Texans Divisional
90%
AFC 7 Pittsburgh Steelers Wild Card
89%
NFC 4 Tampa Bay Buccaneers Divisional
88%
NFC 6 Los Angeles Rams Wild Card
87%
AFC 6 Miami Dolphins Wild Card
85%
AFC 5 Cleveland Browns Wild Card
81%
No matching quizzes found
Score Distribution
Percent of People with Each Score
Percentile by Number Answered
Your Score History
You have not taken this quiz